[Event "Condom op 19th"]
[Site "Condom"]
[Date "2022.07.16"]
[Round "9"]
[White "Laccore, Henri"]
[Black "Trouve, Ethan"]
[Result "0-1"]
[WhiteElo "1249"]
[BlackElo "1094"]
[PlyCount "122"]
[EventDate "2022.07.09"]
[EventType "swiss"]
[EventRounds "9"]
[EventCountry "FRA"]
[SourceTitle "CBM 209 Extra"]
[Source "ChessBase"]
[SourceDate "2022.09.30"]
[SourceVersion "1"]
[SourceVersionDate "2022.09.30"]
[SourceQuality "1"]

1. d4 Nf6 2. c4 e6 3. Nf3 d5 4. cxd5 exd5 5. Nc3 Bf5 6. Bg5 Bb4 7. Bxf6 Qxf6 8. a3 Bxc3+ 9. bxc3 c6 10. e3 Nd7 11. Bd3 0-0 12. Bxf5 Qxf5 13. 0-0 Nf6 14. Qb1 Qxb1 15. Raxb1 b6 16. Rb2 Rac8 17. Rc2 b5 18. Rfc1 Nd7 19. Kf1 Nb6 20. Nd2 a5 21. Nb3 a4 22. Nc5 Rfd8 23. g4 Nd7 24. f4 Nxc5 25. dxc5 Kf8 26. h4 Re8 27. Kf2 g6 28. g5 Re4 29. h5 Rc4 30. hxg6 fxg6 31. Rf1 Rxc5 32. f5 Rc7 33. fxg6 hxg6 34. Ke1+ Rf7 35. Rxf7+ Kxf7 36. Kd2 Rc4 37. Rc1 Ke7 38. Rf1 Re4 39. Rf6 Re6 40. Rf1 Kd6 41. Kd3 c5 42. Rb1 c4+ 43. Kd2 Kc5 44. Rf1 Re5 45. Rg1 Rf5 46. Ke2 Kd6 47. Rg4 Re5 48. Rg1 Ke6 49. Rh1 Rf5 50. Rh8 Kd6 51. Rb8 d4 52. Rd8+ Kc7 53. Rxd4 Rxg5 54. Kf2 Kc6 55. Rd8 Rd5 56. Rc8+ Kd7 57. Rg8 Rd3 58. Rxg6 Rxc3 59. Rb6 Rb3 60. Rb7+ Kc6 61. Re7 Rxa3 0-1

[Event "Saint Affrique op 16th"]
[Site "Saint Affrique"]
[Date "2008.07.26"]
[Round "9"]
[White "Boyd, Christopher"]
[Black "Laccore, Henri"]
[Result "1-0"]
[WhiteElo "1110"]
[BlackElo "1440"]
[PlyCount "109"]
[EventDate "2008.07.19"]
[EventType "swiss"]
[EventRounds "9"]
[EventCountry "FRA"]
[SourceTitle "CBM 125 Extra"]
[Source "ChessBase"]
[SourceDate "2008.09.01"]
[SourceVersion "1"]
[SourceVersionDate "2008.09.01"]
[SourceQuality "1"]

1. e4 d5 2. e5 Bf5 3. d4 e6 4. Bd3 Bxd3 5. Qxd3 Nd7 6. Nf3 c6 7. 0-0 Qc7 8. c4 0-0-0 9. cxd5 exd5 10. Ng5 Nb6 11. Qf5+ Qd7 12. Qxf7 Qxf7 13. Nxf7 Re8 14. Nxh8 Re7 15. Nc3 g6 16. Bg5 Rc7 17. f4 Bg7 18. f5 Bxh8 19. f6 Rf7 20. e6 Rxf6 21. Bxf6 Bxf6 22. Rae1 Kd8 23. Rf3 Ke7 24. Rh3 Bxd4+ 25. Kh1 Nf6 26. g4 h5 27. g5 Nh7 28. Ne2 Nxg5 29. Rg3 Bf6 30. Nf4 Nc8 31. Nxg6+ Kd6 32. e7 Bxe7 33. Nxe7 Nxe7 34. Rxg5 a5 35. Rge5 Nc8 36. Re6+ Kc5 37. Re8 Nd6 38. Rh8 Nc4 39. b3 Na3 40. Rxh5 Nc2 41. Re8 b5 42. Rh7 Nb4 43. a3 Nc2 44. Rc7 Nxa3 45. Rec8 Kb4 46. Rxc6 Kxb3 47. Rc3+ Kb4 48. Rd3 d4 49. Rxd4+ Nc4 50. Rb8 a4 51. Rd5 Na3 52. h4 Kc4 53. Rg5 b4 54. Rg4+ Kc3 55. Rgxb4 1-0